| 000 | 00381pab a2200133 454500 | ||
|---|---|---|---|
| 008 | 180718b xxu||||| |||| 00| 0 eng d | ||
| 100 | _aDeacon Robert T. | ||
| 245 | _aDeforestation and the rule of law in a cross section of countries | ||
| 362 | _a70(4), Nov 1994, p.414-30 | ||
| 650 | _a Forests and Forestry | ||
| 650 | _aDeforestation | ||
| 773 | _aLand Economics | ||
| 909 | _a27772 | ||
| 999 |
_c27772 _d27772 |
||